Every Washington Wizards AllStar. - Statistics

General Stats
  • This quiz has been taken 5 times
  • The average score is 9 of 26
Answer Stats
Year/Years Number of AllStars Player % Correct
2013,2014,2015,2016,2017 5x John Wall
100%
2017,2018,2020 3x Bradley Beal
80%
1972,1973,1974,1975,1976,1977,1978,1979 8x Elvin Hayes
80%
2004,2005,2006 3x Gilbert Arenas
80%
1968,1970,1971,1972,1974 5x Wes Unseld
80%
2006,2007 2x Caron Butler
60%
1996 1x Chris Webber
60%
1985,1986 2x Jeff Malone
60%
1983,1984 2x Jeff Ruland
60%
1990 1x Bernard King
40%
1991 1x Michael Adams
40%
2001,2002 2x Michael Jordan
40%
1961,1962,1963,1964 4x Walt Bellamy
40%
2004,2007 2x Antawn Jamison
20%
1968,1970 2x Earl Monroe
20%
1995 1x Juwan Howard
20%
1986,1987 2x Moses Malone
20%
1973,1974,1976 3x Phil Chenier
20%
1971 1x Archie Clark
0%
1965 1x Bailey Howell
0%
1978 1x Bob Danridge
0%
1975 1x Dave Bing
0%
1964,1965,1966 3x Don Ohl
0%
1964,1967,1968,1969,1970 5x Gus Johnson
0%
1971 1x Jack Marin
0%
1962,1963 2x Terry Dischinger
0%
No matching quizzes found
Score Distribution
Percent of People with Each Score
Percentile by Number Answered
Your Score History
You have not taken this quiz